Statistics for easy maths quiz

Click here to take the quiz!

General Stats

  • This quiz has been taken 60 times
  • The average score is 10 of 11

Answer Stats

questionAnswer% Correct
1+12
100%
5+510
98%
6+612
98%
2+24
98%
3+36
98%
4+48
98%
7+714
96%
8+816
96%
9+918
96%
10+1020
96%
45675x483982210578650
54%

Score Distribution

Percentile by Number Answered

Percent of People with Each Score

Your Score History

You have not taken this quiz